000 00377nam a2200145 4500
001 113995
003 ES-MaACL
007 t|
008 061121s1960 sp r ||||1| spa d
245 0 0 _aNormas de tornillos, tuercas y accesorios.
260 _aBilbao :
_bBalzola,
_c1960.
300 _a170 p. :
_bil. ;
_c21 cm.
500 _aEs el cuaderno 3.
852 _aES-MaACL
_jE-4298
999 _c113995
_d113995